G rants ATLAS OF ANATOMY (Record no. 12229)

MARC details
000 -LEADER
fixed length control field 00440nam a22001697a 4500
003 - CONTROL NUMBER IDENTIFIER
control field OSt
005 - DATE AND TIME OF LATEST TRANSACTION
control field 20211013092818.0
008 - FIXED-LENGTH DATA ELEMENTS--GENERAL INFORMATION
fixed length control field 211013b |||||||| |||| 00| 0 eng d
020 ## - INTERNATIONAL STANDARD BOOK NUMBER
International Standard Book Number 13;978-0-7817-4255-9
040 ## - CATALOGING SOURCE
Original cataloging agency DDC
Transcribing agency HU
082 ## - DEWEY DECIMAL CLASSIFICATION NUMBER
Edition number 11
Classification number 611.00222
Item number 1
100 ## - MAIN ENTRY--PERSONAL NAME
Personal name AGUR ANNE M.R
9 (RLIN) 13122
245 ## - TITLE STATEMENT
Title G rants ATLAS OF ANATOMY
250 ## - EDITION STATEMENT
Edition statement 11
260 ## - PUBLICATION, DISTRIBUTION, ETC.
Place of publication, distribution, etc. Baltimore
Name of publisher, distributor, etc. Liippincott williams and wilkins
Date of publication, distribution, etc. 1991
942 ## - ADDED ENTRY ELEMENTS (KOHA)
Source of classification or shelving scheme Dewey Decimal Classification
Koha item type Books like text book referance book
Suppress in OPAC No
Holdings
Withdrawn status Lost status Source of classification or shelving scheme Damaged status Not for loan Home library Current library Date acquired Total Checkouts Full call number Barcode Date last seen Copy number Price effective from Koha item type
    Dewey Decimal Classification     College of Medicine and Health’s Sciences Library College of Medicine and Health’s Sciences Library 10/13/2021   611.00222,A3,1991 CMHSL00002655 10/13/2021 1 10/13/2021 Books like text book referance book